AIA 25 Year Award Buildings Quiz Stats

 Plays Quiz not verified by Sporcle

Support Sporcle.
Go Orange.
Score 0/42 Timer 05:00
0 Plays Today
City Building % Correct
New York, New YorkGuggenheim Museum
70%
Paradise Valley, ArizonaTaliesin West
60%
New Canaan, ConnecticutGlass House
60%
Exeter, New HampshireExeter Library
60%
Los Angeles, CaliforniaEames House
50%
Plano, IllinoisFarnsworth House
50%
Bartlesville, OklahomaPrice Tower
50%
New York, New YorkSeagram Building
50%
Chestnut Hill, PennsylvaniaVanna Venturi House
40%
St. Louis, MissouriGateway Arch
40%
Washington, D.C.East Building, National Gallery of Art
40%
Eureka Springs, ArkansasThorncrown Chapel
40%
Washington, DCVietnam Veterans Memorial
40%
Boston, MassachusettsJohn Hancock Tower
40%
New York, New YorkRockefeller Center
30%
Racine, WisconsinJohnson Wax Building
30%
Chicago, Illinois860-880 N. Lakeshore Drive Apartments
30%
Fort Worth, TexasKimbell Art Museum
30%
Chicago, IllinoisJohn Hancock Center
30%
Darien, ConnecticutSmith House
30%
Cambridge, MassachusettsDesign Research Headquarters Building
30%
City Building % Correct
New Haven, ConnecticutYale Center for British Art
30%
Boston, MassachusettsFaneuil Hall
30%
Norman, OklahomaBavinger House
30%
Winnetka, IllinoisCrow Island School
20%
Los Angeles, CaliforniaBaldwin Hills Village
20%
Minneapolis, MinnesotaChrist Lutheran Church
20%
New Haven, ConnecticutYale University Art Gallery
20%
New York, New YorkLever House
20%
Portland, OregonEquitable Savings and Loan Building
20%
Warren, MichiganGeneral Motors Technical Center
20%
Chantilly, VirginiaWashington Dulles International Airport Terminal Building
20%
Sea Ranch, CaliforniaSea Ranch Condominium One
20%
La Jolla, CaliforniaSalk Institute for Biological Studies
20%
Moline, IllinoisDeere & Company Administrative Center
20%
Deer Isle, MaineHaystack Mountain School of Crafts
20%
New York, New YorkFord Foundation Headquarters
20%
Colorado Springs, ColoradoUnited States Air Force Academy Cadet Chapel
20%
Federal Way, WashingtonWeyerhaeuser Headquarters
20%
Barcelona, SpainFundació Joan Miró
20%
New Harmony, IndianaThe Atheneum
20%
Jeddah, Saudi ArabiaThe Hajj Terminal at King Abdulaziz International Airport
20%

You're not logged in!

Compare scores with friends on all Sporcle quizzes.
OR
Log In

From the Vault

Colors in Team Names

by schouw

Some teams just need a few more adjectives to set themselves apart.
Remove Ads.
Support Sporcle.
Get the best of Sporcle when you Go Orange. This ad-free experience offers more features, more stats, and more fun while also helping to support Sporcle. Thank you for becoming a member.

Show Comments

Extras

Created Mar 6, 2011ReportNominate
Tags:Year Quiz, Award, Building

Top Quizzes Today


Score Distribution

Your Account Isn't Verified!

In order to create a playlist on Sporcle, you need to verify the email address you used during registration. Go to your Sporcle Settings to finish the process.

Report this User

Report this user for behavior that violates our Community Guidelines.

Details: